| 000 | 00543nam a2200169 a 4500 | ||
|---|---|---|---|
| 001 | 2666 | ||
| 003 | CDMR | ||
| 005 | 20130417114147.0 | ||
| 008 | 130130s1988||||||||||||||||||||||||||||d | ||
| 040 |
_aCDMR _bcat _cCDMR |
||
| 100 | 1 |
_aMontes Fernandez, Francisco José _92000 |
|
| 245 | 1 | 4 |
_aLos orígenes de la radiodifusión exterior en España _b: análisis de contenido y síntesis histórica |
| 260 |
_aMadrid _c1988 _bRTVE |
||
| 650 | 0 | 4 |
_92805 _aRadiodifusió internacional |
| 650 | 0 | 4 |
_91720 _aRadiodifusió _zEspanya _xHistòria |
| 942 |
_cMON _2udc |
||
| 999 |
_c2666 _d2666 |
||